000 00579nam a2200181Ia 4500
008 100920s9999 xx 000 0 und d
082 _b1518
_a891.43 0
100 _aपण्डित नारायण.
245 _aहितोपदेश.
260 _bराजपाल एण्ड सन्स ,कश्मीरी गेट, दिल्ली.
_c0
300 _a164
_bसाधी
365 _b0
520 _aहिंदी.
630 _aहितोपदेश.
650 _aहिंदी.
730 _aहितोपदेश.
942 _cBOOK
999 _c672375
_d672372